Extension of storage life and quality maintenance of mango cv. ‘harivanga’ using biopreservatives and hot water treatment / (Record no. 18223)

MARC details
000 -LEADER
fixed length control field 01113nam a22002777a 4500
001 - CONTROL NUMBER
control field BD-DhSAU 9278
003 - CONTROL NUMBER IDENTIFIER
control field BD-DhSAU
005 - DATE AND TIME OF LATEST TRANSACTION
control field 20260124124123.0
008 - FIXED-LENGTH DATA ELEMENTS--GENERAL INFORMATION
fixed length control field 150613b2018 bg a|||| m||| 00| 0 eng d
040 ## - CATALOGING SOURCE
Original cataloging agency BD-DhSAU
082 ## - DEWEY DECIMAL CLASSIFICATION NUMBER
Edition number 22
Classification number 635
Item number Al108
100 ## - MAIN ENTRY--PERSONAL NAME
Personal name MD. AL SHAHORIYA
Relator term Registration # 16-07302
245 ## - TITLE STATEMENT
Title Extension of storage life and quality maintenance of mango cv. ‘harivanga’ using biopreservatives and hot water treatment /
Remainder of title MS thesis
260 ## - PUBLICATION, DISTRIBUTION, ETC. (IMPRINT)
Place of publication, distribution, etc. Sher-e-Bangla Agricultural University :
Name of publisher, distributor, etc. Department of Horticulture,
Date of publication, distribution, etc. 2024.
300 ## - PHYSICAL DESCRIPTION
Extent x, 73p. :
Other physical details ill. ;
Dimensions 30 cm.
500 ## - GENERAL NOTE
General note MS thesis of Department of Horticulture, Faculty of Agriculture, Sher-e-Bangla Agricultural University, Dhaka, Bangladesh
504 ## - BIBLIOGRAPHY, ETC. NOTE
Bibliography, etc Includes bibliographical reference.
590 ## - Name of Cataloguer
Name of Cataloger Nazmul
650 ## - SUBJECT ADDED ENTRY--TOPICAL TERM
Topical term or geographic name as entry element storage life and quality maintenance
650 ## - SUBJECT ADDED ENTRY--TOPICAL TERM
Topical term or geographic name as entry element mango cv. ‘harivanga’ using biopreservatives
651 ## - SUBJECT ADDED ENTRY--GEOGRAPHIC NAME
Geographic name hot water treatment
700 ## - ADDED ENTRY--PERSONAL NAME
Personal name Assist. Prof. Md. Rezwan Sarker
Relator term Superviser
700 ## - ADDED ENTRY--PERSONAL NAME
Personal name Bushra Mumtaz
Relator term Co-superviser
942 ## - ADDED ENTRY ELEMENTS (KOHA)
Source of classification or shelving scheme Dewey Decimal Classification
Koha item type MS Level Thesis
Holdings
Withdrawn status Lost status Source of classification or shelving scheme Damaged status Not for loan Collection code Home library Branch Name Date acquired Total Checkouts Full call number Barcode Date last seen Price effective from Koha item type
    Dewey Decimal Classification   Not For Loan Reference SAU Library SAU Library 24/01/2026   635 Al108 46088 24/01/2026 24/01/2026 MS Level Thesis